000 00327nam a2200097Ia 4500
008 220120s9999||||xx |||||||||||||| ||und||
100 _aAkshay, Roshni, Pooja and Kanthi
_912734
245 0 _aInteractive voice response system for educational institutio
260 _aCoorg Institute of Technology
_bPonnampet
650 _aMECHANICAL
999 _c138334
_d138334